000
00284nam a2200109Ia 4500
008
200302s9999 xx 000 0 und d
100
_a
Fernando Marquez
245
_a
Experimentos Colectivos Collective Experiments
260
_b
Elcroquis Publishers
260
_c
2010
300
_a
243 P.,
999
_c
2969
_d
2969